Polibek z hlubin

Saved in:
Bibliographic Details
Main Author Jasinska, Alicia
Format Electronic eBook
LanguageCzech
Published Cosmopolis 2026
Edition1. elektronické vydání
Subjects
Online AccessDostupné v BOOKPORT po přihlášení pomocí eduID
ISBN978-80-271-6286-4
978-80-271-6290-1
978-80-271-5902-4
Physical Description1 online zdroj (328 stran)

Cover

LEADER 00000nam a2200000 i 4500
001 bkp14998
003 CZ-prgp
005 20260407112622.0
006 m o d
007 cr cn
008 260407s2026 xr o 000 1 cze
020 |a 978-80-271-6286-4  |c 382 Kč  |q (online ; pdf) 
020 |a 978-80-271-6290-1  |c 382 Kč  |q (online ; epub) 
020 |a 978-80-271-5902-4  |c 457 Kč  |q (print) 
040 |a Grada  |b cze  |e rda 
100 1 |a Jasinska, Alicia 
245 1 0 |a Polibek z hlubin  |c Alicia Jasinska 
250 |a 1. elektronické vydání 
264 1 |b Cosmopolis  |c 2026 
300 |a 1 online zdroj (328 stran) 
336 |a text  |b txt  |2 rdacontent 
337 |a počítač  |b c  |2 rdamedia 
338 |a online zdroj  |b cr  |2 rdacarrier 
520 3 |a Drzá rusalka, která se touží znovu stát člověkem. Mrzutý exorcista, který nechce nic jiného než se jí zbavit. A tajemný chlapec, do kterého se oba zamilují... 
650 0 4 |a Beletrie 
650 0 4 |a Romantika, romány pro ženy 
650 0 4 |a Sci-fi, fantasy 
650 0 4 |a Humor 
650 0 4 |a Milostné romány 
650 0 4 |a Světová současná beletrie 
650 0 4 |a Young Adult, New Adult 
856 4 0 |u https://www.bookport.cz/AccountSaml/SignIn/?idp=https://shibboleth.utb.cz/idp/shibboleth&returnUrl=/kniha/polibek-z-hlubin-15890/  |y Dostupné v BOOKPORT po přihlášení pomocí eduID